| 000 | 01070nam a2200325 a 4500 | ||
|---|---|---|---|
| 001 | vtls000162704 | ||
| 003 | NLI | ||
| 005 | 20210602102936.0 | ||
| 008 | 101125n ii 000 0 eng | ||
| 020 | _cRs. 40.00 (pbk.) | ||
| 039 | 9 |
_y201011251708 _zVLOAD |
|
| 040 | 0 |
_aNLI _beng _cEntertech-FY 2010 _eAACR2 |
|
| 041 | 0 | _aeng | |
| 044 | _aii | ||
| 082 | 0 | 4 | _a294.5 |
| 100 | 1 |
_aShuddhananda-Bharti, Kvi Yogi _9315555 |
|
| 245 | 1 | 0 |
_aSri Krishna and his gospel / _cKvi Yogi Shuddhananda-Bharti |
| 260 |
_aThiruvanmiyur : _bSuddhananda Library, _c2001 |
||
| 300 |
_a126 p. ; _c18 cm. |
||
| 500 | _aIncludes selections from the Bhagavadgita | ||
| 650 | 0 |
_aKrishna (Hindu deity) _94734 |
|
| 650 | 0 |
_aHinduism _xHistory _9209091 |
|
| 650 | 0 |
_aReligious biography _9202878 |
|
| 887 | _a | ||
| 901 |
_aDB85602 _b13.5.2002 |
||
| 902 | _aE 294.5 Sh 91 s (1) | ||
| 942 |
_2ddc _cBKS |
||
| 949 |
_AVIRTUAITEM _D10000 _X100 _6DBA000085602ENG _9. |
||
| 999 |
_aVIRTUA40 _c166370 _d166370 |
||
| 999 | _aVTLSSORT0080*0200*0400*0410*0440*0820*1000*2450*2600*3000*5000*6500*6501*6502*9010*9020*9490*9991 | ||